000 00252nam a22001217a 4500
040 _cHS
082 _a611
110 _aPUBLICATION
245 _aHuman anatomy
260 _aInternational university
_bPUBLICATION
_c2004
300 _a60p.
942 _cKB
999 _c8754
_d8754